| 000 | 01296cam a2200349 i 4500 | ||
|---|---|---|---|
| 001 | 19763771 | ||
| 003 | EG-ScBUE | ||
| 005 | 20230514104311.0 | ||
| 008 | 170629r20222018nyu f 001 0 eng d | ||
| 020 | _a9781501323133 (pbk.) | ||
| 020 | _a150132313X` | ||
| 040 |
_aDLC _beng _erda _cDLC _dDLC _dEG-ScBUE |
||
| 082 | 0 | 4 |
_a720.284 _222 _bDAW |
| 100 | 1 |
_aDawkins, Jim _q(James D.), _eauthor. |
|
| 245 | 1 | 0 |
_aSketching interiors at the speed of thought / _cJim Dawkins, Florida State University, Jill Pable, Florida State University. |
| 250 | _aSecond edition. | ||
| 250 | _aReprint edition. | ||
| 264 | 1 |
_aNew York : _bFairchild Books, An imprint of Bloomsbury Publishing Inc, _c2022. |
|
| 300 |
_axlviii, 267 pages ; _c28 cm |
||
| 336 |
_atext _btxt _2rdacontent |
||
| 337 |
_aunmediated _bn _2rdamedia |
||
| 338 |
_avolume _bnc _2rdacarrier |
||
| 500 | _aIncludes index. | ||
| 650 | 7 |
_aArchitectural drawing _xTechnique. _2BUEsh |
|
| 650 | 7 |
_aInterior architecture _xDesign. _2BUEsh |
|
| 653 |
_bART _cMay2023 |
||
| 655 | _vReading book | ||
| 700 | 1 |
_aPable, Jill, _eauthor. |
|
| 906 |
_a7 _bcbc _corignew _d1 _eecip _f20 _gy-gencatlg |
||
| 942 |
_2ddc _cBB |
||
| 999 |
_c30358 _d30329 |
||